Introduction To Physical Science (Record no. 23842)

MARC details
000 -LEADER
fixed length control field 00488nam a22001817a 4500
003 - CONTROL NUMBER IDENTIFIER
control field OSt
005 - DATE AND TIME OF LATEST TRANSACTION
control field 20260610145340.0
008 - FIXED-LENGTH DATA ELEMENTS--GENERAL INFORMATION
fixed length control field 260610b |||||||| |||| 00| 0 eng d
020 ## - INTERNATIONAL STANDARD BOOK NUMBER
International Standard Book Number 0070521409
040 ## - CATALOGING SOURCE
Transcribing agency Chuka University Library
050 ## - LIBRARY OF CONGRESS CALL NUMBER
Classification number Q158.5
Item number .R53 1982
100 ## - MAIN ENTRY--PERSONAL NAME
Personal name Riban David M.
9 (RLIN) 27122
245 ## - TITLE STATEMENT
Title Introduction To Physical Science
260 ## - PUBLICATION, DISTRIBUTION, ETC.
Place of publication, distribution, etc. New York
Name of publisher, distributor, etc. McGRAW HILL Book Company
Date of publication, distribution, etc. 1982
300 ## - PHYSICAL DESCRIPTION
Extent 657.p
650 ## - SUBJECT ADDED ENTRY--TOPICAL TERM
Topical term or geographic name entry element Physical Science
9 (RLIN) 20429
942 ## - ADDED ENTRY ELEMENTS (KOHA)
Source of classification or shelving scheme Library of Congress Classification
Koha item type Long Loan Books
Suppress in OPAC No
Holdings
Withdrawn status Lost status Source of classification or shelving scheme Damaged status Not for loan Collection Home library Current library Shelving location Date acquired Source of acquisition Cost, normal purchase price Total Checkouts Full call number Barcode Date last seen Price effective from Koha item type
    Library of Congress Classification     General Collection Books Main Campus Library Main Campus Library General Stacks 10/06/2026 Donation from books for Africa 1871.79   Q 158.5 .R53 1982 33818/2026 10/06/2026 10/06/2026 Long Loan Books

Powered by Koha